Statistics for Countries with ski slopes

Click here to take the quiz!

General Stats

  • This quiz has been taken 79 times
  • The average score is 60 of 69

Answer Stats

% Correct
germany
100%
norway
100%
france
100%
sweden
100%
switzerland
100%
uk
100%
austria
96%
spain
96%
finland
96%
japan
96%
albania
92%
australia
92%
belarus
92%
belgium
92%
canada
92%
chile
92%
china
92%
croatia
92%
denmark
92%
estonia
92%
greece
92%
india
92%
latvia
92%
montenegro
92%
new zealand
92%
romania
92%
russia
92%
slovenia
92%
usa
92%
andorra
88%
argentina
88%
bosnia
88%
bulgaria
88%
italy
88%
kazakhstan
88%
lithuania
88%
nepal
88%
poland
88%
serbia
88%
slovakia
88%
south africa
88%
ukraine
88%
uzbekistan
88%
armenia
84%
georgia
84%
hungary
84%
iceland
84%
iran
84%
iraq
84%
kyrgyzstan
84%
mexico
84%
mongolia
84%
north korea
84%
north macedonia
84%
pakistan
84%
south korea
84%
azerbaijan
80%
czech republic
80%
kosovo
80%
portugal
80%
tajikistan
80%
algeria
76%
turkey
76%
moldova
68%
liechtenstein
64%
israel
60%
morocco
60%
lesotho
52%
lebanon
48%

Score Distribution

Percentile by Number Answered

Percent of People with Each Score

Your Score History

You have not taken this quiz